[Event "Heart of Finland op 18th"]
[Site "Jyvaskyla"]
[Date "2008.07.14"]
[Round "5"]
[White "Krylov, Stanislav Ivanovich"]
[Black "Koskinen, Veikko"]
[Result "1/2-1/2"]
[WhiteElo "2236"]
[BlackElo "1967"]
[PlyCount "56"]
[EventDate "2008.07.12"]
[EventType "swiss"]
[EventRounds "9"]
[EventCountry "FIN"]
[SourceTitle "CBM 125 Extra"]
[Source "ChessBase"]
[SourceDate "2008.09.01"]
[SourceVersion "1"]
[SourceVersionDate "2008.09.01"]
[SourceQuality "1"]

1. c4 f5 2. Nc3 Nf6 3. Nf3 g6 4. g3 Bg7 5. Bg2 0-0 6. 0-0 d6 7. d3 Nc6 8. Rb1 a5 9. Bd2 Ng4 10. a3 Nce5 11. b4 axb4 12. axb4 Nxf3+ 13. Bxf3 Ne5 14. Bg2 h6 15. d4 Nc6 16. e3 e5 17. d5 Ne7 18. f4 Bd7 19. Qb3 Kh8 20. Ra1 g5 21. fxg5 hxg5 22. Qd1 Be8 23. Rxa8 Qxa8 24. Qa1 Bd7 25. Qd1 Qe8 26. e4 f4 27. g4 Ng6 28. h3 Qa8 1/2-1/2

[Event "Heart of Finland op 18th"]
[Site "Jyvaskyla"]
[Date "2008.07.13"]
[Round "4"]
[White "Tuominen, Esa"]
[Black "Krylov, Stanislav Ivanovich"]
[Result "0-1"]
[WhiteElo "1846"]
[BlackElo "2236"]
[PlyCount "106"]
[EventDate "2008.07.12"]
[EventType "swiss"]
[EventRounds "9"]
[EventCountry "FIN"]
[SourceTitle "CBM 125 Extra"]
[Source "ChessBase"]
[SourceDate "2008.09.01"]
[SourceVersion "1"]
[SourceVersionDate "2008.09.01"]
[SourceQuality "1"]

1. e4 c5 2. Nf3 Nc6 3. d4 cxd4 4. Nxd4 g6 5. Nc3 Bg7 6. Be3 Nf6 7. Be2 0-0 8. Qd2 d5 9. Nxc6 bxc6 10. exd5 cxd5 11. 0-0 Qa5 12. Nd1 Qxd2 13. Bxd2 Bf5 14. Ne3 Rab8 15. Nxf5 gxf5 16. b3 Rfc8 17. c4 Ne4 18. Rad1 d4 19. Bd3 e6 20. f4 Bf8 21. g4 Rc6 22. Be1 a5 23. Kg2 Bc5 24. Kf3 a4 25. b4 Bxb4 26. Bxb4 Rxb4 27. Bxe4 fxe4+ 28. Kxe4 Rcxc4 29. Rd2 d3+ 30. Ke3 Re4+ 31. Kxd3 Red4+ 32. Ke3 Rxd2 33. Kxd2 Rb2+ 34. Ke3 Rxa2 35. h4 Rh2 36. h5 a3 37. Ra1 Kg7 38. Kf3 a2 39. Kg3 Rb2 40. g5 f6 41. h6+ Kg6 42. gxf6 Kxf6 43. Kf3 Kf5 44. Ke3 Rb3+ 45. Ke2 Ra3 46. Kf2 Kxf4 47. Ke2 e5 48. Rf1+ Kg5 49. Rg1+ Kxh6 50. Rh1+ Kg5 51. Rg1+ Kf4 52. Rf1+ Kg3 53. Rg1+ Kh2 0-1

[Event "Heart of Finland op 18th"]
[Site "Jyvaskyla"]
[Date "2008.07.12"]
[Round "2"]
[White "Tuominen, Joona"]
[Black "Krylov, Stanislav Ivanovich"]
[Result "1/2-1/2"]
[WhiteElo "1790"]
[BlackElo "2236"]
[PlyCount "70"]
[EventDate "2008.07.12"]
[EventType "swiss"]
[EventRounds "9"]
[EventCountry "FIN"]
[SourceTitle "CBM 125 Extra"]
[Source "ChessBase"]
[SourceDate "2008.09.01"]
[SourceVersion "1"]
[SourceVersionDate "2008.09.01"]
[SourceQuality "1"]

1. Nf3 g6 2. c4 c5 3. Nc3 Bg7 4. g3 Nc6 5. Bg2 e6 6. 0-0 Nge7 7. e3 Nf5 8. e4 Nfd4 9. d3 0-0 10. Nxd4 Nxd4 11. Rb1 b6 12. Be3 Bb7 13. Ne2 f5 14. Nxd4 cxd4 15. Bd2 e5 16. exf5 Bxg2 17. Kxg2 gxf5 18. Qh5 Qe8 19. Qxe8 Raxe8 20. f3 Re6 21. b4 Rc8 22. Rfe1 e4 23. fxe4 fxe4 24. Rxe4 Rxe4 25. dxe4 Rxc4 26. Rc1 b5 27. Kf3 d3 28. g4 Kf7 29. h4 Bd4 30. h5 Bb2 31. Rb1 Be5 32. Rb3 Rd4 33. Ke3 d5 34. Rxd3 Rxe4+ 35. Kf3 Ke6 1/2-1/2

[Event "Northwest-ch Seniors"]
[Site "Petrozavodsk"]
[Date "2008.01.27"]
[Round "7"]
[White "Kravchenko, Vladimir V"]
[Black "Krylov, Stanislav Ivanovich"]
[Result "1/2-1/2"]
[WhiteElo "2453"]
[BlackElo "2236"]
[PlyCount "107"]
[EventDate "2008.01.21"]
[EventType "swiss"]
[EventRounds "9"]
[EventCountry "RUS"]
[SourceTitle "EXT 2010"]
[Source "ChessBase"]
[SourceDate "2010.11.25"]
[SourceVersion "1"]
[SourceVersionDate "2010.11.25"]
[SourceQuality "1"]

1. c4 e5 2. Nc3 Nc6 3. g3 f5 4. Bg2 Nf6 5. d3 g6 6. Bd2 Bg7 7. Qc1 h6 8. Rb1 Ne7 9. e4 d6 10. Nge2 c6 11. 0-0 h5 12. h4 0-0 13. Bh6 Ng4 14. Bxg7 Kxg7 15. f3 Qb6+ 16. d4 Nf6 17. c5 Qc7 18. cxd6 Qxd6 19. dxe5 Qxe5 20. Nf4 fxe4 21. Nxe4 Nxe4 22. fxe4 Bg4 23. Qe3 Nf5 24. Qb3 Nd6 25. Rbe1 Rae8 26. Kh2 Qb5 27. Qc3+ Qe5 28. Qe3 b6 29. Nd3 Qe7 30. Rxf8 Rxf8 31. Nb4 c5 32. Qc3+ Kh7 33. Nd5 Qe6 34. e5 Nb5 35. Qe3 Nd4 36. Nf6+ Kg7 37. Bd5 Qf5 38. Bg2 Nc2 39. Qd2 Nxe1 40. Qxe1 Rd8 41. Qe3 Rd3 42. Qc1 Rd1 43. Qe3 Rd3 44. Qe1 Rd4 45. Ne8+ Kh7 46. Nd6 Rd1 47. Qxd1 Bxd1 48. Nxf5 gxf5 49. Kg1 Kg6 50. Kf2 Kf7 51. Bd5+ Ke7 52. Ke3 b5 53. Kf4 Bg4 54. a3 1/2-1/2

[Event "Northwest-ch Seniors"]
[Site "Petrozavodsk"]
[Date "2008.01.24"]
[Round "4"]
[White "Melkonyan, Leonard"]
[Black "Krylov, Stanislav Ivanovich"]
[Result "0-1"]
[WhiteElo "2260"]
[BlackElo "2236"]
[PlyCount "100"]
[EventDate "2008.01.21"]
[EventType "swiss"]
[EventRounds "9"]
[EventCountry "RUS"]
[SourceTitle "EXT 2010"]
[Source "ChessBase"]
[SourceDate "2010.11.25"]
[SourceVersion "1"]
[SourceVersionDate "2010.11.25"]
[SourceQuality "1"]

1. e4 c6 2. d4 g6 3. c4 d5 4. e5 Be6 5. Qb3 Qb6 6. c5 Qc7 7. Qc3 Nd7 8. Nf3 f6 9. Bd3 Bh6 10. 0-0 fxe5 11. dxe5 Bxc1 12. Rxc1 Nh6 13. Nd4 Nf8 14. b4 Nf5 15. f4 Nxd4 16. Qxd4 Rg8 17. Nc3 Bf5 18. Bxf5 gxf5 19. Qd3 e6 20. Ne2 a6 21. a4 Rg7 22. Nd4 Kf7 23. b5 Ng6 24. Qe3 Ne7 25. bxa6 Rxa6 26. Rcb1 Ra7 27. Rb6 Ra6 28. Rab1 Rxb6 29. cxb6 Qd8 30. Nf3 h6 31. a5 Qa8 32. Ra1 Qa6 33. Nd4 c5 34. Nb3 d4 35. Qf3 Qb5 36. Rc1 c4 37. Nxd4 Qxa5 38. Qc3 Qxb6 39. Qxc4 Nd5 40. Kh1 Qb2 41. Rc2 Qb1+ 42. Rc1 Qe4 43. Nf3 Qxf4 44. Qc8 Qb4 45. Qd7+ Qe7 46. Qb5 Kg6 47. g3 Kh7 48. Qd3 Qb4 49. Rf1 Qc3 50. Qb1 Ne7 0-1

[Event "EU-chT Seniors 07th"]
[Site "Dresden"]
[Date "2005.02.23"]
[Round "6"]
[White "Lieb, Harald"]
[Black "Krylov, Stanislav Ivanovich"]
[Result "1/2-1/2"]
[WhiteElo "2276"]
[BlackElo "2234"]
[PlyCount "115"]
[EventDate "2005.02.18"]
[EventType "team-swiss"]
[EventRounds "8"]
[EventCountry "GER"]
[SourceTitle "EXT 2006"]
[Source "ChessBase"]
[SourceDate "2005.11.24"]
[SourceVersion "1"]
[SourceVersionDate "2005.11.24"]
[SourceQuality "1"]

1. d4 Nf6 2. c4 g6 3. Nc3 Bg7 4. e4 d6 5. f3 Nc6 6. Be3 a6 7. Nge2 Rb8 8. Nc1 e5 9. d5 Nd4 10. Nb3 Nxb3 11. axb3 c5 12. Qd2 0-0 13. Bd3 Ne8 14. 0-0 f5 15. exf5 gxf5 16. f4 b6 17. Rae1 Rb7 18. Qc2 e4 19. Be2 Bd4 20. Qd2 Qf6 21. Rd1 Bxe3+ 22. Qxe3 Rg7 23. Kh1 Qg6 24. Rg1 Nf6 25. Rde1 Bd7 26. Ra1 a5 27. Rae1 Re8 28. Qh3 h5 29. Qh4 Kf7 30. Nd1 Reg8 31. Nf2 Ng4 32. Nh3 Qh6 33. Bxg4 Rxg4 34. Qf2 Qf6 35. Ng5+ R8xg5 36. fxg5 Qd4 37. Rgf1 Kg6 38. Re3 Rxg5 39. Qf4 Qe5 40. Qh4 Qxb2 41. Rg3 Qf6 42. Qf4 Rxg3 43. Qxg3+ Kh7 44. h3 h4 45. Qe3 Qh6 46. Rf4 Kg6 47. g4 hxg3 48. Qxg3+ Qg5 49. Qh2 Kf7 50. Rf2 Ke7 51. h4 Qh6 52. h5 e3 53. Rf1 Be8 54. Qh4+ Kd7 55. Re1 f4 56. Rf1 Qxh5 57. Qxh5 Bxh5 58. Kh2 1/2-1/2

[Event "EU-chT Seniors 07th"]
[Site "Dresden"]
[Date "2005.02.20"]
[Round "3"]
[White "Krylov, Stanislav Ivanovich"]
[Black "Shapiro, Yosip"]
[Result "1-0"]
[WhiteElo "2234"]
[BlackElo "2123"]
[PlyCount "57"]
[EventDate "2005.02.18"]
[EventType "team-swiss"]
[EventRounds "8"]
[EventCountry "GER"]
[SourceTitle "EXT 2006"]
[Source "ChessBase"]
[SourceDate "2005.11.24"]
[SourceVersion "1"]
[SourceVersionDate "2005.11.24"]
[SourceQuality "1"]

1. e4 c5 2. Nf3 e6 3. d4 cxd4 4. Nxd4 Nf6 5. Bd3 Nc6 6. Nxc6 dxc6 7. 0-0 e5 8. Nd2 Bg4 9. Qe1 Bc5 10. Nc4 Qe7 11. Be3 0-0 12. f3 b5 13. Qf2 Bxe3 14. Nxe3 Be6 15. a4 a6 16. Kh1 Nh5 17. g3 g5 18. Qd2 f6 19. Qc3 Rfc8 20. axb5 cxb5 21. Qa3 Qb7 22. Qb4 Qb6 23. Nd5 Bxd5 24. exd5 Qd4 25. Qxd4 exd4 26. Rfe1 Rc5 27. d6 f5 28. d7 Nf6 29. Rxa6 1-0

[Event "Barents Region-chA"]
[Site "Arta"]
[Date "2004.06.20"]
[Round "6"]
[White "Krylov, Stanislav Ivanovich"]
[Black "Solberg, Joachim Krokvik"]
[Result "0-1"]
[WhiteElo "2269"]
[BlackElo "2079"]
[PlyCount "78"]
[EventDate "2004.06.18"]
[EventType "swiss"]
[EventRounds "6"]
[EventCountry "NOR"]
[SourceTitle "EXT 2007"]
[Source "ChessBase"]
[SourceDate "2006.11.23"]
[SourceVersion "1"]
[SourceVersionDate "2006.11.23"]
[SourceQuality "1"]

1. c4 Nf6 2. Nf3 e6 3. g3 d5 4. b3 Be7 5. Bb2 0-0 6. Bg2 c5 7. 0-0 Nc6 8. d3 b6 9. e3 Bb7 10. Qe2 Rc8 11. Rd1 Qc7 12. Nbd2 Rfd8 13. Nf1 a6 14. Rac1 Qb8 15. h3 Rd7 16. g4 Rcd8 17. Ng3 d4 18. e4 Bd6 19. Nf1 Bf4 20. Rb1 Ne5 21. Nxe5 Qxe5 22. Bc1 Bxc1 23. Rdxc1 h5 24. Nh2 hxg4 25. Nxg4 Qg5 26. Nxf6+ Qxf6 27. Qg4 e5 28. Rf1 Rd6 29. f4 exf4 30. Rxf4 Qg6 31. Qxg6 Rxg6 32. Kh2 a5 33. a3 Ra8 34. Rg4 Rxg4 35. hxg4 Bc8 36. Kg3 Be6 37. Kf4 Kf8 38. e5 Ra7 39. Bd5 Ke7 0-1

[Event "Barents Region-chA"]
[Site "Arta"]
[Date "2004.06.19"]
[Round "4"]
[White "Svendsen, Frank"]
[Black "Krylov, Stanislav Ivanovich"]
[Result "1-0"]
[WhiteElo "1888"]
[BlackElo "2269"]
[PlyCount "101"]
[EventDate "2004.06.18"]
[EventType "swiss"]
[EventRounds "6"]
[EventCountry "NOR"]
[SourceTitle "EXT 2007"]
[Source "ChessBase"]
[SourceDate "2006.11.23"]
[SourceVersion "1"]
[SourceVersionDate "2006.11.23"]
[SourceQuality "1"]

1. d4 g6 2. e4 Bg7 3. Nf3 c6 4. Bd3 d6 5. 0-0 Bg4 6. c3 e5 7. dxe5 dxe5 8. Be3 Bxf3 9. gxf3 Nd7 10. Qb3 Qc7 11. Nd2 Ngf6 12. Rfe1 0-0 13. Rad1 Nh5 14. Bf1 Nf4 15. Nc4 Ne6 16. Bh3 Ndc5 17. Qc2 b5 18. Nd2 Nf4 19. Bf1 Nce6 20. c4 b4 21. c5 Rfd8 22. Qa4 Rab8 23. Nc4 Rxd1 24. Rxd1 Nd4 25. Nxe5 Nde2+ 26. Bxe2 Nxe2+ 27. Kf1 Qxe5 28. Kxe2 Qxb2+ 29. Rd2 Qf6 30. Qxa7 Rd8 31. Rxd8+ Qxd8 32. Qa4 Bc3 33. Qxc6 Qa5 34. Bh6 Qd8 35. Qd5 Qc8 36. Qc4 Qc6 37. Qd3 Qa8 38. Qd5 Qa6+ 39. Ke3 Qc8 40. c6 Bf6 41. Qd7 Qa8 42. Qb7 Qd8 43. Qxb4 Be7 44. Qd4 Bg5+ 45. f4 Bf6 46. Qxd8+ Bxd8 47. Kd4 Bc7 48. Kd5 Bb8 49. e5 Bc7 50. e6 f6 51. a4 1-0

[Event "Barents Region-chA"]
[Site "Arta"]
[Date "2004.06.18"]
[Round "1"]
[White "Krylov, Stanislav Ivanovich"]
[Black "Nakken, Roar E"]
[Result "1/2-1/2"]
[WhiteElo "2269"]
[BlackElo "1814"]
[PlyCount "114"]
[EventDate "2004.06.18"]
[EventType "swiss"]
[EventRounds "6"]
[EventCountry "NOR"]
[SourceTitle "EXT 2007"]
[Source "ChessBase"]
[SourceDate "2006.11.23"]
[SourceVersion "1"]
[SourceVersionDate "2006.11.23"]
[SourceQuality "1"]

1. c4 e5 2. g3 Nf6 3. Nf3 Nc6 4. Bg2 e4 5. Ng5 d5 6. cxd5 Qxd5 7. d3 Bb4+ 8. Nc3 Qd4 9. Ngxe4 Nxe4 10. Bxe4 Bh3 11. Qc2 0-0 12. Be3 Qe5 13. Bxc6 bxc6 14. 0-0-0 Bg2 15. Rhg1 Bd5 16. Nxd5 cxd5 17. d4 Qe6 18. Rd3 Bd6 19. Rb3 Qh3 20. Qc6 Qxh2 21. Re1 Qg2 22. Rb5 Rfe8 23. Rxd5 Qe4 24. Bd2 Rab8 25. Qc4 Qe6 26. b3 Ba3+ 27. Kd1 Qe4 28. e3 Qb1+ 29. Ke2 Qxa2 30. Rb5 Rbd8 31. Ra5 c5 32. Qxc5 Bxc5 33. Rxa2 Bxd4 34. Ba5 Rb8 35. Rd1 Be5 36. Rd3 Rb7 37. Bd2 g6 38. Ra5 Bg7 39. b4 h5 40. Rda3 Ree7 41. Rc5 Red7 42. Rd3 Kf8 43. Rxd7 Rxd7 44. b5 Ke7 45. Bb4 Ke8 46. Rc8+ Rd8 47. Rxd8+ Kxd8 48. Bc5 Kc8 49. Bxa7 Kb7 50. Bc5 Be5 51. f4 Bb8 52. Kf3 f5 53. e4 fxe4+ 54. Kxe4 Kc8 55. Bf2 Kb7 56. f5 gxf5+ 57. Kxf5 Bxg3 1/2-1/2

[Event "RUS-ch Seniors"]
[Site "Tula"]
[Date "2004.05.16"]
[Round "7"]
[White "Krylov, Stanislav Ivanovich"]
[Black "Mukhin, Evgeny B"]
[Result "0-1"]
[WhiteElo "2269"]
[BlackElo "2328"]
[PlyCount "108"]
[EventDate "2004.05.??"]
[EventType "swiss"]
[EventRounds "9"]
[EventCountry "RUS"]
[SourceTitle "EXT 2005"]
[Source "ChessBase"]
[SourceDate "2004.11.15"]
[SourceVersion "1"]
[SourceVersionDate "2004.11.15"]
[SourceQuality "1"]

1. d4 f5 2. c4 g6 3. Nc3 Nf6 4. g3 Bg7 5. Bg2 0-0 6. Nf3 d6 7. 0-0 Nc6 8. e3 e5 9. d5 Na5 10. Nd2 b6 11. b4 Nb7 12. Bb2 a5 13. a3 e4 14. Ne2 Qe7 15. h3 Nd8 16. Nb3 Nf7 17. bxa5 bxa5 18. Bc3 a4 19. Nbd4 Bd7 20. Nf4 Rfc8 21. Nde6 Bh8 22. h4 Nxd5 23. Bxh8 Nxf4 24. Nxf4 Kxh8 25. Nd5 Qe5 26. Rb1 Ra5 27. Qd2 Rc5 28. Rb4 Kg7 29. Rd1 h6 30. Qd4 Ra8 31. Bf1 Be6 32. Nf4 Bc8 33. h5 g5 34. Ng6 Qf6 35. Ne7 Ne5 36. Nd5 Nf3+ 37. Kg2 Nxd4 38. Nxf6 Nc2 39. Nd5 Nxb4 40. axb4 Rxd5 41. cxd5 a3 42. Rc1 Kf6 43. b5 Ke5 44. Bc4 Bd7 45. Ba2 Ra7 46. Rb1 Be8 47. b6 cxb6 48. Rxb6 Bxh5 49. Rb8 Rc7 50. g4 Bxg4 51. Re8+ Kf6 52. Ra8 Bf3+ 53. Kg3 Rc1 54. Rf8+ Kg6 0-1

[Event "Tromsoesjakken op"]
[Site "Tromsoe"]
[Date "2003.11.30"]
[Round "6"]
[White "Krylov, Stanislav Ivanovich"]
[Black "Roelvaag, Mikael"]
[Result "1-0"]
[WhiteElo "2250"]
[BlackElo "1999"]
[PlyCount "83"]
[EventDate "2003.11.28"]
[EventType "swiss"]
[EventRounds "6"]
[EventCountry "NOR"]
[SourceTitle "EXT 2009"]
[Source "ChessBase"]
[SourceDate "2008.11.26"]
[SourceVersion "1"]
[SourceVersionDate "2008.11.26"]
[SourceQuality "1"]

1. e4 e6 2. Qe2 c5 3. g3 Nc6 4. Nf3 g6 5. Bg2 Bg7 6. d3 Nge7 7. Nc3 Nd4 8. Nxd4 cxd4 9. Nd1 0-0 10. 0-0 d6 11. c4 Nc6 12. f4 Bd7 13. Bd2 a5 14. b3 Rb8 15. Rc1 Qb6 16. Nb2 Nb4 17. Ra1 Rfe8 18. Rfc1 Qa6 19. Qe1 Nc6 20. a3 b5 21. b4 Bf8 22. cxb5 Rxb5 23. a4 Rxb4 24. Bxb4 Nxb4 25. Qd2 d5 26. Re1 Rd8 27. exd5 Nxd5 28. Bxd5 exd5 29. Re5 Qa8 30. Qg2 Bc6 31. Qc2 Bb7 32. Nd1 Rc8 33. Qb2 Bd6 34. Re2 Ba6 35. Nf2 Bb4 36. Rc1 Rc3 37. Rce1 Qc6 38. Re8+ Kg7 39. Qe2 Bd6 40. f5 Qd7 41. Qg4 Qxf5 42. Qxd4+ 1-0

[Event "Tromsoesjakken op"]
[Site "Tromsoe"]
[Date "2003.11.28"]
[Round "2"]
[White "Hansen, Ola"]
[Black "Krylov, Stanislav Ivanovich"]
[Result "0-1"]
[WhiteElo "1473"]
[BlackElo "2250"]
[PlyCount "62"]
[EventDate "2003.11.28"]
[EventType "swiss"]
[EventRounds "6"]
[EventCountry "NOR"]
[SourceTitle "EXT 2009"]
[Source "ChessBase"]
[SourceDate "2008.11.26"]
[SourceVersion "1"]
[SourceVersionDate "2008.11.26"]
[SourceQuality "1"]

1. e4 d6 2. d4 Nf6 3. Nc3 c6 4. Bg5 Nbd7 5. Qd2 e5 6. dxe5 dxe5 7. Nf3 Be7 8. 0-0-0 0-0 9. Bd3 b5 10. Nh4 Nc5 11. Nf5 Bxf5 12. exf5 b4 13. Ne2 Qa5 14. Bxf6 Qxa2 15. Qe1 Bxf6 16. Qxb4 Bg5+ 17. f4 exf4 18. Kd2 f3+ 19. Nf4 fxg2 20. Rhg1 Rab8 21. Qxc5 Bxf4+ 22. Ke2 Rfe8+ 23. Kf3 Be3 24. Qxe3 Rxe3+ 25. Kxe3 Qxb2 26. Rxg2 a5 27. Rgd2 a4 28. Be4 Qb6+ 29. Kf3 a3 30. Rd6 a2 31. Rxc6 Qb2 0-1

[Event "Barents Region-chA"]
[Site "Alta"]
[Date "2003.06.22"]
[Round "5"]
[White "Kozar, Artyom"]
[Black "Krylov, Stanislav Ivanovich"]
[Result "1/2-1/2"]
[WhiteElo "2204"]
[BlackElo "2289"]
[PlyCount "47"]
[EventDate "2003.06.20"]
[EventType "swiss"]
[EventRounds "6"]
[EventCountry "NOR"]
[SourceTitle "CBM 094 Extra"]
[Source "ChessBase"]
[SourceDate "2003.07.09"]
[SourceVersion "2"]
[SourceVersionDate "2003.07.09"]
[SourceQuality "1"]

1. d4 Nf6 2. c4 g6 3. Nc3 Bg7 4. e4 d6 5. Be2 0-0 6. Bg5 c6 7. Qd2 a6 8. Nf3 d5 9. exd5 cxd5 10. Bxf6 Bxf6 11. Nxd5 Bg7 12. Rd1 Bg4 13. Ne3 Bxf3 14. Bxf3 Nc6 15. Bxc6 bxc6 16. d5 cxd5 17. Nxd5 e6 18. Ne3 Qb6 19. b3 Rfd8 20. Qc2 Rxd1+ 21. Nxd1 Qa5+ 22. Qd2 Qe5+ 23. Qe2 Qa5+ 24. Qd2 1/2-1/2

[Event "Vadsosjakken-A"]
[Site "Vadso"]
[Date "2002.08.31"]
[Round "3"]
[White "Krylov, Stanislav Ivanovich"]
[Black "Royset, Pal"]
[Result "1/2-1/2"]
[WhiteElo "2290"]
[BlackElo "2202"]
[PlyCount "67"]
[EventDate "2002.08.??"]
[EventType "swiss"]
[EventRounds "5"]
[EventCountry "NOR"]
[SourceTitle "EXT 2005"]
[Source "ChessBase"]
[SourceDate "2004.11.15"]
[SourceVersion "1"]
[SourceVersionDate "2004.11.15"]
[SourceQuality "1"]

1. c4 Nf6 2. Nf3 e6 3. g3 d5 4. Bg2 Be7 5. d3 0-0 6. Nbd2 c5 7. 0-0 Nc6 8. a3 d4 9. Rb1 a5 10. Qc2 e5 11. Rd1 h6 12. e4 dxe3 13. fxe3 Bf5 14. e4 Nd4 15. Nxd4 Qxd4+ 16. Kh1 Bg4 17. Nf3 Qd7 18. Rf1 Bxf3 19. Rxf3 Rfd8 20. b3 Qe6 21. Be3 Rd7 22. Rbf1 Rad8 23. Bc1 Nh7 24. Qe2 Bg5 25. Bb2 Bf6 26. Bc1 Rd6 27. Bd2 b6 28. Bc1 Qd7 29. Rd1 Nf8 30. Qf1 Nh7 31. a4 Rd4 32. Bh3 Qd6 33. Qe2 Qc6 34. Rdf1 1/2-1/2

[Event "Barents Region-chA"]
[Site "Alta"]
[Date "2002.06.14"]
[Round "1"]
[White "Krylov, Stanislav Ivanovich"]
[Black "Moen, Steinar"]
[Result "1/2-1/2"]
[WhiteElo "2289"]
[BlackElo "2099"]
[PlyCount "46"]
[EventDate "2002.06.??"]
[EventType "swiss"]
[EventRounds "6"]
[EventCountry "NOR"]
[SourceTitle "EXT 2005"]
[Source "ChessBase"]
[SourceDate "2004.11.15"]
[SourceVersion "1"]
[SourceVersionDate "2004.11.15"]
[SourceQuality "1"]

1. c4 c6 2. Nf3 d5 3. b3 Bf5 4. Bb2 Nf6 5. g3 e6 6. Bg2 h6 7. 0-0 Be7 8. d3 0-0 9. Nbd2 Bh7 10. Ne5 Nbd7 11. Ndf3 a5 12. cxd5 exd5 13. Bh3 Re8 14. Qc2 Bd6 15. Nxd7 Nxd7 16. Bc3 Ne5 17. Nd4 Bb4 18. Bb2 Qb6 19. Nf5 a4 20. bxa4 Qa7 21. a3 Bf8 22. Rfb1 Qxa4 23. Qd2 Qa5 1/2-1/2

[Event "Hammerfest op"]
[Site "Hammerfest"]
[Date "2001.09.30"]
[Round "7"]
[White "Simula, Leon"]
[Black "Krylov, Stanislav Ivanovich"]
[Result "1/2-1/2"]
[WhiteElo "1971"]
[BlackElo "2289"]
[PlyCount "94"]
[EventDate "2001.09.??"]
[EventType "swiss"]
[EventRounds "7"]
[EventCountry "NOR"]
[SourceTitle "EXT 2005"]
[Source "ChessBase"]
[SourceDate "2004.11.15"]
[SourceVersion "1"]
[SourceVersionDate "2004.11.15"]
[SourceQuality "1"]

1. b4 e5 2. Bb2 Bxb4 3. Bxe5 Nf6 4. c4 0-0 5. a3 Be7 6. Nf3 c5 7. g3 Nc6 8. Bb2 d5 9. cxd5 Nxd5 10. Bg2 Bf6 11. Nc3 Be6 12. 0-0 Na5 13. Na4 Bxb2 14. Nxb2 Qf6 15. Nd3 c4 16. Nc5 Bg4 17. h3 Bc8 18. Ne4 Qe7 19. Nc3 Nxc3 20. dxc3 Nb3 21. Ra2 Bd7 22. Qd5 Be6 23. Qh5 f6 24. e3 g6 25. Qb5 Rab8 26. Nd4 Bf7 27. Bf3 Qc5 28. Qb4 Rfd8 29. Rb2 Qxb4 30. axb4 Nxd4 31. exd4 Bd5 32. Kg2 Bxf3+ 33. Kxf3 Rd7 34. Ra1 a6 35. b5 axb5 36. Rxb5 Rc8 37. Rab1 Rcc7 38. Rb6 Kf7 39. R1b5 Re7 40. d5 Rcd7 41. Rc5 Re5 42. Rbb5 Ke7 43. Rxc4 Rdxd5 44. Rxd5 Rxd5 45. Rc7+ Rd7 46. Rxd7+ Kxd7 47. Ke3 Ke6 1/2-1/2

[Event "Vadsosjakken-A"]
[Site "Vadso"]
[Date "2001.08.31"]
[Round "1"]
[White "Indbryn, Tommy"]
[Black "Krylov, Stanislav Ivanovich"]
[Result "1/2-1/2"]
[WhiteElo "2087"]
[BlackElo "2290"]
[PlyCount "47"]
[EventDate "2001.08.??"]
[EventType "swiss"]
[EventRounds "5"]
[EventCountry "NOR"]
[SourceTitle "EXT 2005"]
[Source "ChessBase"]
[SourceDate "2004.11.15"]
[SourceVersion "1"]
[SourceVersionDate "2004.11.15"]
[SourceQuality "1"]

1. d4 Nf6 2. Bg5 e6 3. Nf3 Be7 4. c4 Ne4 5. Bxe7 Qxe7 6. Nbd2 f5 7. e3 0-0 8. Bd3 d5 9. 0-0 Nd7 10. Rc1 c6 11. a3 a5 12. Qa4 Ndf6 13. Bxe4 fxe4 14. Ne5 Bd7 15. c5 Be8 16. b4 Bh5 17. bxa5 Be2 18. Rfe1 Bb5 19. Qb4 Nh5 20. a4 Ba6 21. f3 exf3 22. Ndxf3 Nf6 23. Nd2 Nh5 24. Ndf3 1/2-1/2